Quizzes
Events
Quiz Creation
Community
Videos
Private Events
Remove Ads
Sign In
Join for FREE
Feedback
Dark Mode
Quiz Categories
Sports
Geography
Music
Movies
Television
Just For Fun
Miscellaneous
History
Literature
Language
Science
Gaming
Entertainment
Religion
Holiday
For Kids
Quiz Lab
Recent
Popular Today
Quiz Kudos Today
Editor Picks
Curator Picks
Quizzes by...
Day
Popularity
Type
Ratings
Length
Year
Community
Subscriptions
Recent Discussions
Orange Saloon
Badges
Playlists
Quests
Create
Leaderboards
Showdown
Live 5
Trivia Bingo
Activity
Puzzle Library
Sporcle Events
Private Events
Virtual Trivia
Globe League
Become a Host
Pub Owners
SporcleCon
Opinionation
Our Games
Videos
Blog
Mobile Apps
Partnerships
Remove Ads and Go Orange
Feedback
Movies
Disney
Marvel Cinematic Universe
Movie Resume
Movie Titles
Oscar
Actor
Actress
Director
Pixar
Role
Movie Quotes
Movie Characters
Box Office
Nominee
Best Picture
Star Wars
James Bond
Horror Movies
Movies
Disney
Marvel Cinematic Universe
Movie Resume
Movie Titles
Oscar
Actor
Actress
Director
Pixar
Role
Movie Quotes
Movie Characters
Box Office
Nominee
Best Picture
Star Wars
James Bond
Horror Movies
Random Quiz
Search Sporcle
×
Curator Pick
Curator Pick
Movies
Clickable
Select answers by clicking on text or image buttons
Select answers by clicking on text or image buttons
Clickable
Best Score? Go Orange.
Follow That Line: Disney Stats
Can you pick the lines that follow the given ones from animated Disney films?
By
Tolkienite
6m
26 Questions
8,977 Plays
8,977 Plays
8,977 Plays
Comments
Comments
Give Quiz Kudos
Give Quiz Kudos
-
- Ratings
hide this ad
Forced Order
Answers have to be entered in order
Answers have to be entered in order
Replay
Link that replays current quiz
Next Quiz
Link to next quiz in quiz playlist
You Got
0%
They Got
Avg Score
74%
Avg Friend Score
Upgrade to see
Score Distribution
Jump to the score distribution portion of the page
Score
0/26
Timer
06:00
0
Plays Today
% Correct
Of course, my dear. Of course.
91.2%
And you're mine too, Tod.
90.9%
Trouble? No way. You're only in trouble if you get caught.
89.2%
Then you should talk back.
88.6%
Oh, you can't help that. Most everyone's mad here.
86.8%
A horse.
86.6%
I dunno. He looks kinda hairy and slobbery to me.
86.6%
Magic Mirror on the wall, who is the fairest one of all?
85.4%
I came home.
83.6%
How about a mammoth for your fat head?
82.3%
Well, he'd make a very handsome throw rug.
80.9%
I know you all right. You're Shere Khan
80.3%
Ah-ah-ah, watch it. You're in a church.
78.3%
% Correct
Caught me completely by surprise... for the fifth year in a row!
77%
If you hadn't run away, this wouldn't have happened.
74.6%
It's sandwich day.
73.7%
I'll get you for this, Pan, if it's the last thing I do!
71.9%
Now, dear, that isn't a very nice thing to say.
69.2%
No! No! Anything but that.
68.6%
Then you will kneel in pieces!
66.4%
Lighten up, dude!
63.7%
I've gotta go to him!
62.6%
So, how does that work with you being fired and all?
60.5%
Actually, it's elementary, my dear Dawson
57.3%
He pulled the Sword from the Stone.
52.1%
Yes, sir!
37.4%
Quiz Playlist
Details
Report
Send in Message
Add To Playlist
Clickable:
Select answers by clicking on text or image buttons
Forced Order:
Answers have to be entered in order
Quiz Source
Last Updated: Mar 22, 2017
Curator Pick in
Follow That Line
Quiz Scoreboard
CHALLENGE
Sign Up to Join the Scoreboard
Show All
Scores
Hide
Comments
May contain spoilers
Recently Published
Movies - When Are They Set?
by FPL_Elf
Movies
5m
Popular People in 1961
by mucciniale
History
6m
1-10 Letter E Words III
by El_Dandy
Language
2m
More to Explore
Quiz From the Vault
Featured Blog Post
Where Did the Easter Bunny Come From?
hide this ad
You Might Also Like...
Tags
Animation Quiz
Clickable Quiz
Disney Quiz
Follow That Line Quiz
Follow
Today's Top Quizzes in Movies
Browse Movies
hide this ad
Today's Top Quizzes in Clickable
Browse Clickable
Top Contributed Quizzes in Movies
1
Pick 5 Posters: Directed by Spielberg
2
Multi-Oscar Nominations, One Movie, One Winner
3
One Thing in Common: Movies
4
12 Movies about Fictional 1960s Events
5
One Thing in Common: Movies II
6
Sunday Crossword: Film Score Composers
7
Three Word 'H' Movies Match Up
8
Three Word 'T' Movies Match Up
9
One Thing in Common: Oscars
10
Three Word 'M' Movies Match Up
Explore More
Trending Topics
Kpop
Harry Potter
NBA
Disney
Crossword
Marvel
Anime
Pokémon
The Office
Song
Puzzle
WWE
Country
NFL
Soccer
hide this ad
More By:
Tolkienite
Quiz
Plays
Rating
Category
Featured
Created
This Movie Is Not Suitable for Children
168,715
4.39
Movies
Feb 3, 2014
Figure Out The Lyrics (Grease)
110,557
4.48
Music
Nov 30, 2013
Movie Character Rainbow
103,327
4.32
Movies
Jun 19, 2013
Famous Colorful Characters
81,960
4.52
Entertainment
Nov 6, 2013
Henchmen, Sidekicks, and Subordinates
76,595
4.26
Entertainment
Aug 17, 2012
Go to Creator's Profile
Score Distribution
Quiz Creator Spotlight
Tolkienite
Follow
Send a Message
Quizzes Created
-
Created Quiz Play Count
-
More By This Creator
Popular Quizzes Today
1
Find the Countries of Europe - No Outlines Minefield
2
Find the US States - No Outlines Minefield
3
The Countries of the World
4
Popular People in 1961
5
1-10 Letter E Words III
6
US States
7
Find the US States
8
One Thing in Common: World Cities II
More Movies Quizzes
'G' Movies by Picture II
Published
Trending Quizzes
Risky Map Clicking: Least Populous States A-Z
Humor Books: The Subtitles
1-10 Letter F Words
1-10 Letter G Words
One Thing in Common: United Kingdom
Recently Updated
Leaping Animals
pecheneg
Reality TV Shows (A-Z)
bhenderson79
Rickey Henderson's Hall of Fame Teammates
pecheneg
Champions League XIs: Arsenal
pecheneg
Quick Pick: Celebrities in WWE's Hall of Fame
aduchscher
A-Z Keypad Blitz II
pecheneg
Multiple Oscar Actors
pecheneg
Mystery Phrase Blitz: Oscar 'Best Actors'
pecheneg
F. Scott Fitzgerald Novels
LTH
Pick 3 Villains
ddd62291
Trending Topics
Harry Potter
NBA
Kpop
Crossword
Marvel
Disney
Anime
Song
NFL
Soccer
The Office
WWE
Country
Pokémon
Puzzle
Your Account Isn't Verified!
In order to create a playlist on Sporcle, you need to verify the email address you used during registration. Go to your
Sporcle Settings
to finish the process.
Report this User
Report this user for behavior that violates our
Community Guidelines
.
Details:
Send Report
Go to the Sporcle.com Mobile Site →
Comments